000 00447nam a2200145Ia 4500
008 090124s9999 xx 000 0 und d
082 _b28
245 _a श्री नवनाथ भक्तिसार
250 _a0
260 _bकौशिक एम. के.
300 _a501
630 _a श्री नवनाथ भक्तिसार
730 _a श्री नवनाथ भक्तिसार
942 _cBOOK
999 _c81505
_d81505